Livingstone's African journal 1853-1856 (Record no. 373464)

000 -LEADER
fixed length control field 00428cam a22001457a 4500
008 - FIXED-LENGTH DATA ELEMENTS--GENERAL INFORMATION
fixed length control field 180718b1963 xxu||||| |||| 00| 0 eng d
082 ## - DEWEY DECIMAL CLASSIFICATION NUMBER
Classification number A99 L763s
100 ## - MAIN ENTRY--PERSONAL NAME
Personal name Livingstone, David
245 ## - TITLE STATEMENT
Title Livingstone's African journal 1853-1856
Statement of responsibility, etc. by David Livingstone
260 ## - PUBLICATION, DISTRIBUTION, ETC.
Place of publication, distribution, etc. London
Name of publisher, distributor, etc. Chatto & Windus
Date of publication, distribution, etc. 1963
300 ## - PHYSICAL DESCRIPTION
Extent 2v.
500 ## - GENERAL NOTE
General note 70/-
650 ## - SUBJECT ADDED ENTRY--TOPICAL TERM
Topical term or geographic name entry element Africa - Description and Travel
650 ## - SUBJECT ADDED ENTRY--TOPICAL TERM
Topical term or geographic name entry element Livinstone, David, 1813 - 72
Holdings
Withdrawn status Lost status Damaged status Not for loan Permanent Location Current Location Date acquired Full call number Barcode Date last seen Price effective from Koha item type
        Indian Institute of Public Administration Indian Institute of Public Administration 1994-06-20 A99 L763s 32804 2018-07-21 2018-07-21 Book

Powered by Koha